00610nam a22001817a 450000500170000001000150001702000260003203500140005803700130007208200130008510000240009824500870012226000320020927000690024130000380031050000530034870000270040120180831150816.0 aENG-123917 c995.00a9788181523297 aEN-107449 bDBAD/PUB a332.0959 aShastri, Falguni C. aMicrofinance in south-east asia/cby Falguni C. Shastri [and] Sarita M. Budhdhadev c2013aJaipurbBook Enclave  aF-11, S.S. Tower, Dhamani Street, Chaura Rasta, bJaipure302003 c21cm.(Hb.)av,295p.bill.(tables) aIt includes bibliography index and abbreviations aBudhdhadev, Sarita M.